00401nam a22001457a 4500003000900000005001700009008004100026040003300067080001600100245003500116260005400151300002400205942000700229999001900236LK-CoDNM20240731115057.0240731b |||||||| |||| 00| 0 eng d aLK-CoDNMdLK-CoDNMeLK-CoDNM bGP1970st-01 aStatistical Abstract of Ceylon aColombobDepartment of census and statisticc1970 bxxvi, 396p. ; 27 cm cBK c146145d146145